<?xml version="1.0" encoding="UTF-8"?>
<record
    xmlns:xsi="http://www.w3.org/2001/XMLSchema-instance"
    xsi:schemaLocation="http://www.loc.gov/MARC21/slim http://www.loc.gov/standards/marcxml/schema/MARC21slim.xsd"
    xmlns="http://www.loc.gov/MARC21/slim">

  <leader>00764naa a22001577i 4500</leader>
  <controlfield tag="003">KOSZ 005</controlfield>
  <controlfield tag="005">20180320090316.0</controlfield>
  <controlfield tag="008">160308s2007        ||||| ||||0|| 0 pol </controlfield>
  <datafield tag="035" ind1=" " ind2=" ">
    <subfield code="a">PBN-R:247096</subfield>
  </datafield>
  <datafield tag="040" ind1=" " ind2=" ">
    <subfield code="c">KOSZ 005/md</subfield>
    <subfield code="a">PBN-ID</subfield>
    <subfield code="d">KOSZ 005</subfield>
  </datafield>
  <datafield tag="041" ind1="0" ind2=" ">
    <subfield code="a">pol</subfield>
  </datafield>
  <datafield tag="100" ind1="1" ind2=" ">
    <subfield code="a">ZAWADZKA, Danuta.</subfield>
    <subfield code="d">2007-2011.</subfield>
    <subfield code="b">Politechnika Koszali&#x144;ska - Instytut Ekonomii i Zarz&#x105;dzania,</subfield>
    <subfield code="c">Zak&#x142;ad Finans&#xF3;w</subfield>
  </datafield>
  <datafield tag="245" ind1="1" ind2="0">
    <subfield code="a">Znaczenie faktoringu dla polityki kredytowej przedsi&#x119;biorstw /</subfield>
    <subfield code="c">Danuta Zawadzka.</subfield>
  </datafield>
  <datafield tag="773" ind1="0" ind2="8">
    <subfield code="i">W:</subfield>
    <subfield code="t"> 	Zarz&#x105;dzanie finansami firm : teoria i praktyka / red. nauk. Wies&#x142;aw Pluta. -</subfield>
    <subfield code="d">Wroc&#x142;aw : Wydaw. Akademii Ekonomicznej, 2007. -</subfield>
    <subfield code="g"> s. 676-682.</subfield>
    <subfield code="k">Prace Naukowe Akademii Ekonomicznej im. Oskara Langego we Wroc&#x142;awiu ; nr 1152.</subfield>
    <subfield code="x">0324-8445</subfield>
  </datafield>
  <datafield tag="942" ind1=" " ind2=" ">
    <subfield code="c">ART</subfield>
    <subfield code="2">UKD</subfield>
  </datafield>
  <datafield tag="999" ind1=" " ind2=" ">
    <subfield code="c">7973</subfield>
    <subfield code="d">7973</subfield>
  </datafield>
</record>
